000 00947nam a22002897a 4500
003 CHAP
005 20220920165643.0
008 971013s1971 r 00010 d
010 _a53344
011 _a54316
035 _a58467
040 _cCHAP
090 _aTesis
100 0 0 _aRovira, Carmen.
_9100342
245 _aEncabezamientos de materia en español
_b: pautas y principios
260 _aWashington :
_bEl autor,
_c(1971)
300 _a88 p.
502 _aTesis (Master en Ciencias de la Información) -- Universidad Católica de América. Facultad de la Escuela Graduada de Artes
590 _aALEPH
_b10
_c20130110
590 _aBATCH-UPD
_b10
_c20130110
590 _aCONVERSION
_b10
_c20130109
650 1 4 _aEncabezamientos de materia.
_936718
901 _aBK
942 _cTESIS
_2local
949 _aTesis
_bBC
_cB
_d-126883
_eB
_h40272
_i58467
_si
949 _aTesis
_bBC
_cB
_d33724000912531
_eB
_fc.2
_gDonaciØn
_h41573
_i58467
_sb
999 _c53344
_d53344